| 000 | 00629nam a2200193 a 4500 | ||
|---|---|---|---|
| 005 | 20220831171413.0 | ||
| 008 | 991125m19721978mx 000 0 spa u | ||
| 020 | _a968230136X | ||
| 035 | _aUPN01000002441 | ||
| 049 | _aCG | ||
| 050 | 4 |
_aPQ7081 _bA4.5 |
|
| 245 | 0 | 0 |
_aAmérica Latina en su literatura / _ccoord. e introd. de César Fernández Moreno. |
| 260 |
_aMéxico ; _aParis : _bSiglo XXI : _bUNESCO, _c1972 (1978 impr.). |
||
| 300 | _a494 p. | ||
| 440 | 0 | _aAmérica Latina en su cultura | |
| 650 | 0 |
_aLiteratura latinoamericana _xHistoria y critica _915295 |
|
| 700 | 1 |
_aFernández Moreno, César, _ecoord. |
|
| 905 | _aLibro | ||
| 999 |
_c2441 _d2441 |
||